Charlotte Cardin FEEL GOOD- Lyrics - Statistiques

Statistiques générales
  • Ce quiz a été pris 91 fois
  • Le résultat moyen est 247 sur 298
Statistiques - réponses
Réponse % Correct
y
99%
a
97%
à
97%
feel
97%
good
97%
Good
97%
m'
97%
ma
97%
ta
96%
Ta
96%
you
95%
You
95%
C'est
94%
dans
94%
le
94%
main
94%
make
94%
me
94%
sexy
92%
super
92%
vraiment
92%
J'
91%
sur
91%
to
91%
la
90%
taille
90%
taxi
90%
fenêtre
86%
de
85%
Ensemble
85%
je
85%
mon
85%
pensé
85%
Il
83%
il
83%
nice
83%
fois
82%
amour
81%
choses
79%
des
79%
j'ai
79%
mille
79%
moi
79%
que
79%
Qui
79%
qui
79%
ai
78%
comprendrai
78%
dis
78%
Et
78%
everytime
78%
jamais
78%
toi
77%
voix
77%
son
76%
Titanic
76%
back
73%
J'y
73%
entends
72%
If
71%
want
71%
Frissons
69%
toujours
69%
I'm
65%
Ironique
65%
contre
64%
invite
64%
been
63%
I've
62%
And
60%
avec
60%
Pyramides
60%
Italique
59%
mourir
58%
now
58%
animal
56%
away
56%
falaise
55%
tomber
55%
Iconique
53%
On
49%
arrive
46%
Plus
46%
plus
46%
l'aise
42%
sens
42%
Cyanide
35%
danger
32%
ah
13%
Aucun quiz correspondant
Distribution des résultats
% des personnes avec chaque résultat
Percentile par nombre de réponses
Votre historique - résultats
Vous n’avez pas pris ce quiz